Vývoj zamestnanosti a nezamestnanosti v Slovenskej republike
Analýza vývoja zamestnanosti a nezamestnanosti v SR v transformačnom období. Demografický vývoj a vývoj ponuky práce. Analýza vývoja zamestnanosti po roku 1989 - faktory ovplyvňujúce tento vývoj. Zmeny v charaktere dopytu po práci a v úrovni flexibility trhu práce. Špecifické faktory vývoja zamestna...
Guardado en:
| Autor principal: | |
|---|---|
| Otros Autores: | , |
| Formato: | Capítulo de libro |
| Lenguaje: | eslovaco |
| Materias: | |
| Etiquetas: |
Sin Etiquetas, Sea el primero en etiquetar este registro!
|
MARC
| LEADER | 00000naa a2200000 4500 | ||
|---|---|---|---|
| 001 | r040422 | ||
| 005 | 20230929073420.1 | ||
| 041 | 0 | |a slo | |
| 044 | |a SK | ||
| 245 | 1 | 0 | |a Vývoj zamestnanosti a nezamestnanosti v Slovenskej republike |c Ján Košta, Ľubica Azudová, Ivan Okáli |
| 520 | |a Analýza vývoja zamestnanosti a nezamestnanosti v SR v transformačnom období. Demografický vývoj a vývoj ponuky práce. Analýza vývoja zamestnanosti po roku 1989 - faktory ovplyvňujúce tento vývoj. Zmeny v charaktere dopytu po práci a v úrovni flexibility trhu práce. Špecifické faktory vývoja zamestnanosti. Makroekonomická úroveň zamestnanosti a jej sektorová - odvetvová štruktúra. Analýza miery nezamestnanosti. | ||
| 610 | 2 | 0 | |a zamestnanosť |
| 610 | 2 | 0 | |a nezamestnanosť |
| 610 | 2 | 0 | |a Slovensko |
| 610 | 2 | 0 | |a vývoj populačný |
| 610 | 2 | 0 | |a ponuka práce |
| 610 | 2 | 0 | |a trh práce |
| 610 | 2 | 0 | |a štruktúra ekonomiky odvetvová |
| 610 | 2 | 0 | |a transformácia |
| 610 | 2 | 0 | |a 1989-1999 |
| 100 | 1 | |a Košta, Ján | |
| 700 | 1 | |a Azudová, Ľubica | |
| 700 | 1 | |a Okáli, Ivan | |